000 00555nam a22002057a 4500
999 _c5201
_d5201
003 OSt
005 20191207104556.0
008 160914b xxu||||| |||| 00| 0 eng d
020 _a0071422889
040 _cDDC.
082 _a375.05 PED 2004
100 _aPeddiwell, J. Abner; Benjamin, Harold
_911059
245 _aThe Saber-Tooth Curriculum.
250 _aClassic Edition.
260 _aNew York.
_bMcGraw-Hill.
_c2004.
300 _axiii,182p;
_bill.
_c16cm
504 _aincludes bibliography
650 _aCurriculum
_93287
942 _2ddc
_cO_SHELF